Visual Basic 6; Desktop Exam Preparation Guide (MCSD) (Record no. 266535)

000 -LEADER
fixed length control field 00262 a2200109 4500
001 - CONTROL NUMBER
control field 31462
090 ## - LOCALLY ASSIGNED LC-TYPE CALL NUMBER (OCLC); LOCAL CALL NUMBER (RLIN)
-- 21346
-- 21346
100 ## - MAIN ENTRY--PERSONAL NAME
Personal name Ekedahl, Michael
245 ## - TITLE STATEMENT
Title Visual Basic 6; Desktop Exam Preparation Guide (MCSD)
260 ## - PUBLICATION, DISTRIBUTION, ETC.
Place of publication, distribution, etc. New Delhi
Name of publisher, distributor, etc. Dream Tech
505 ## - FORMATTED CONTENTS NOTE
Formatted contents note CD/DVD
942 ## - ADDED ENTRY ELEMENTS (KOHA)
Institution code [OBSOLETE] NUST-CAE
Holdings
Withdrawn status Lost status Damaged status Not for loan Collection code Permanent Location Current Location Date acquired Total Checkouts Barcode Date last seen Price effective from Koha item type
          College of Aeronautical Engineering (CAE) College of Aeronautical Engineering (CAE) 04/03/2017   CAE72014 04/05/2017 04/05/2017 Book
© 2023 Central Library, National University of Sciences and Technology. All Rights Reserved.